Guía para la Implementación de Incentivos a la Conservación con Base en las Experiencias del Municipio de San Vicente de Chucurí (Registro nro. 8871)

Detalles MARC
000 -CABECERA
Campo de control 00617nam a22001817a 4500
005 - FECHA Y HORA DE LA ULTIMA TRANSACCION
Campo de control 20141205095113.0
008 - ELEMENTOS DE LONGITUD FIJA—INFORMACION GENERAL
Campo de control 141204b2011 ck Il. |r|||| 00| 0 spa d
020 ## - ISBN
ISBN 9789589804070
040 ## - FUENTE DE CATALOGACIÓN
Agencia transcriptora CO-BoIH
041 ## - IDIOMA
Código de idioma para texto/pista de sonido o título separado Español
044 ## - PAÍS DE PUBLICACIÓN
País de publicación Colombia
090 ## - CLASIFICACIÓN LOCAL
Colección EA
Consecutivo 00191
245 ## - MENCION DE TITULO
Título Guía para la Implementación de Incentivos a la Conservación con Base en las Experiencias del Municipio de San Vicente de Chucurí
260 ## - PUBLICACION, DISTRIBUCION, ETC. (PIE DE IMPRENTA)
Lugar de publicación, distribución, etc. Bogotá D.C
Nombre del editor, distribuidor, etc. Fundación Natura,
Fecha de publicación, distribución, etc. 2011.
300 ## - DESCRIPCION FISICA
Extensión 23 pag
Otros detalles físicos Il., fot (col.)
Dimensiones 28 cm
650 #6 - ASIENTO SECUNDARIO DE MATERIA - TERMINO TEMATICO
Término temático o nombre geográfico como elemento de entrada Conservación del medio ambiental.
Subdivisión geográfica Santander (Dpt. Colombia)
942 ## - ELEMENTOS ADICIONALES (KOHA)
Sistema de clasificación Local
Tipo de ítem Libro
Existencias
Withdrawn status Lost status Sistema de Clasificación Damaged status No para préstamo Colección Inventariado Ubicación Permanente Ubicación actual Fecha de adquisición Fuente de Valor Valor Total Checkouts Número topográfico Inventario / Código de Barras Date last seen Ejemplar Price effective from Forma de adquisición Tipo de material
    Local     Educación Ambiental Inventariado 2017 Sala Fabio Quevedo Sala Fabio Quevedo 04/12/2014 Instituto 39000.00   EA-00191 029564 04/12/2014 Ej. 1 04/12/2014   Libro